[Event "North American-ch U10 Girls"]
[Site "Montreal"]
[Date "2010.08.16"]
[Round "1"]
[White "Yu, Xin Yi"]
[Black "Liu, Jiaxin"]
[Result "1/2-1/2"]
[WhiteElo "966"]
[BlackElo "1221"]
[PlyCount "47"]
[EventDate "2010.08.16"]
[EventType "swiss"]
[EventRounds "7"]
[EventCountry "CAN"]
[SourceTitle "EXT 2013"]
[Source "ChessBase"]
[SourceDate "2012.11.22"]
[SourceVersion "1"]
[SourceVersionDate "2012.11.22"]
[SourceQuality "1"]

1. e4 c5 2. Nf3 d6 3. d4 cxd4 4. Nxd4 Nf6 5. Nc3 a6 6. Bg5 e6 7. f4 Nbd7 8. Qf3 Be7 9. 0-0-0 Qc7 10. g4 b5 11. Bxf6 Nxf6 12. g5 Nd7 13. f5 Bxg5+ 14. Kb1 Nc5 15. Qh5 Bf6 16. Bh3 Bxd4 17. Rxd4 Qe7 18. Rg1 Qf8 19. fxe6 Nxe6 20. Bxe6 Bxe6 21. Rgd1 g6 22. Qg5 Rd8 23. e5 Qe7 24. Qxe7+ 1/2-1/2